Colombia i el Brasil. Colombia i el Perú. Cuestión de límites

Saved in:
Bibliographic Details
Main Author: Moncayo, Pedro (autor)
Format: Book
Language:Spanish
Published: Valparaíso Imprenta i Librería del Mercurio, de Santos Tornero 1862
Edition:1a. ed
Subjects:
Tags: Add Tag
No Tags, Be the first to tag this record!

MARC

LEADER 00000nam a2200000 a 4500
001 UCJ8247
003 CL-VaPUC
008 070124e18620000CL |||||||||||||||||spa|d
082 0 4 |a 985  |b MON  |2 21 
100 |a Moncayo, Pedro  |e autor  |9 610982 
245 1 0 |a Colombia i el Brasil. Colombia i el Perú. Cuestión de límites  
250 |a 1a. ed 
300 |a 102 p 
942 |c BK 
945 |d 20070124 00:00:00  |a rinostro 
260 |a Valparaíso  |b Imprenta i Librería del Mercurio, de Santos Tornero  |c 1862 
650 7 |a DERECHO INTERNACIONAL PUBLICO  |2 CL-VaPUC  |9 516994 
650 7 |a CUESTION DE LIMITES  |2 CL-VaPUC  |9 505400 
650 0 |a Diplomacia  |9 256483 
651 0 |a Brasil  |9 267393 
651 0 |a Colombia  |9 256424 
651 0 |a Perú  |9 256567 
583 |a last modification  |c 20070124 00:00:00  |k Rodrigo Vera 
999 |c 324028  |d 324026 
952 |0 0  |1 0  |4 0  |6 985_000000000000000_MON_1862  |7 0  |8 X  |9 403923  |a FDOBUD  |b FDOBUD  |d 2019-11-22  |i 1074997  |o 985 MON 1862  |p 1074997  |r 2019-11-22  |w 2019-11-22  |y BK_X  |k BUD